banner koha

Padronização de teste in vitro para a avaliação da atividade de micobactericida do hipoclorito de sódio e de uma combinação de aldeídos. Influência da passagem da estirpe teste (Mycobacterium Bovis - AN- 5)em hamsters (Registro n. 192835)

MARC details
000 -LÍDER
campo de controle de tamanho fixo 01180nas a2200361 4500
001 - NÚMERO DE CONTROLE
campo de controle BR0800301
003 - IDENTIFICADOR DO NÚMERO DE CONTROLE
campo de controle BR-BrBNA
005 - DATA E HORÁRIO DA ÚLTIMA TRANSAÇÃO
campo de controle 20231205111445.0
007 - CAMPO FIXO DE DESCRIÇÃO FÍSICA--INFORMAÇÃO GERAL
campo de controle de tamanho fixo ta
008 - CAMPO DE DADOS FIXOS--INFORMAÇÃO GERAL
campo de controle de tamanho fixo 230509b bl.|||p| |||| 00| 00por d
040 ## - FONTE DA CATALOGAÇÃO
Instituição da catalogação original BR-BrBNA
Idioma da catalogação por
Instituição que transcreveu o registro Biblioteca Nacional de Agricultura
041 ## - CÓDIGO DE IDIOMA
Código do idioma do texto/trilha sonora ou título diferente (Pt)
072 ## - CÓDIGO DE CATEGORIA DE ASSUNTO
Código de Categoria de Assunto L73; L70
100 1# - ENTRADA PRINCIPAL--NOME PESSOAL
Nome pessoal Pinheiro, S.R.
100 1# - ENTRADA PRINCIPAL--NOME PESSOAL
Nome pessoal Vasconcellos, S.A.
100 1# - ENTRADA PRINCIPAL--NOME PESSOAL
Nome pessoal Morais, Z.M.
100 1# - ENTRADA PRINCIPAL--NOME PESSOAL
Nome pessoal Ferreira Neto, J.S.
100 1# - ENTRADA PRINCIPAL--NOME PESSOAL
Nome pessoal Sinhorini, I.L.
100 1# - ENTRADA PRINCIPAL--NOME PESSOAL
Nome pessoal Ito, F.H.
100 1# - ENTRADA PRINCIPAL--NOME PESSOAL
Nome pessoal Côrtes, J.A.
245 1# - TÍTULO
Título Padronização de teste in vitro para a avaliação da atividade de micobactericida do hipoclorito de sódio e de uma combinação de aldeídos. Influência da passagem da estirpe teste (Mycobacterium Bovis - AN- 5)em hamsters
650 ## - ASSUNTO--TERMO TÓPICO
Cabeçalho tópico ou nome geográfico DOENÇA ANIMAL
650 ## - ASSUNTO--TERMO TÓPICO
Cabeçalho tópico ou nome geográfico ALDEÍDO
650 ## - ASSUNTO--TERMO TÓPICO
Cabeçalho tópico ou nome geográfico MICOBACTÉRIA
650 ## - ASSUNTO--TERMO TÓPICO
Cabeçalho tópico ou nome geográfico BACTERICIDA
650 ## - ASSUNTO--TERMO TÓPICO
Cabeçalho tópico ou nome geográfico BOVINO
650 ## - ASSUNTO--TERMO TÓPICO
Cabeçalho tópico ou nome geográfico DESINFECÇÃO
650 ## - ASSUNTO--TERMO TÓPICO
Cabeçalho tópico ou nome geográfico HIGIENE
650 ## - ASSUNTO--TERMO TÓPICO
Cabeçalho tópico ou nome geográfico HAMISTER
773 0# - ENTRADA ANALÍTICA
Título Arquivos do Instituto Biológico (Brazil)
ISSN - International Standard Serial Number ISSN 0020-3653
Partes relacionadas (Jan-Jun 1997), v. 64(1) p. 11-22
Número de controle do registro BR0800301
909 ## -
-- 202311
-- Lúcia
-- 55
-- Lúcia Elande
942 ## - ELEMENTOS DE ENTRADA ADICIONADOS (KOHA)
Fonte da classificação ou esquema de arquivamento na estante Classificação AGRIS
Ocultar no OPAC Não
Tipo de material Koha Analítica
Exemplares
Situação do descarte Fonte da classificação ou esquema de arquivamento na estante Situação física Não pode ser emprestado Biblioteca de origem Biblioteca atual Localização na estante Enumeração do periódico / cronologia Total de empréstimos Data de último acesso Número do exemplar Tipo de material Koha Fonte de aquisição
  Classificação AGRIS   Consulta local Biblioteca Nacional de Agricultura - Binagri Biblioteca Nacional de Agricultura - Binagri   (Jan-Jun 1997), v. 64(1) p. 11-22   29/11/2023 01 Periódicos Portaria Interministerial nº 164/94

BINAGRI

Telefone: (61)3218-2567/2388/3357/2097 - binagri@agro.gov.br

Ministério da Agricultura e Pecuária , Esplanada dos Ministérios, Bloco D, Anexo B, Brasília/DF, CEP: 70.043-900